02093cam a22003858i 450000100190000000500170001900800410003601500190007701600180009602000180011403500220013203500420015404000600019604100080025605000250026410000230028924500280031224600150034026000360035530000240039149000310041550000130044652005720045952003740103165000210140565000260142665000370145265000360148965000260152565000310155165000400158265100420162265500200166465500230168499100941886890515920250625112812.0211201s2022 enk 000 f eng d aGBC2177022bnb7 a0204808282Uk a9780241542620 a(OCoLC)1308718996 a(EXLNZ-01OCUL_NETWORK)994470270705151 aUKMGBbengerdacUKMGBdOCLCFdALAULdOCLdOCLCOdOCLCL aeng 4aPS3607.Y37bH66 2022 aGyasi, Yaaeauthor10aHomegoingc/ Yaa Gyasi.3 aHome going aLondon :bPenguin Books,c2022. a128 pages ;c20 cm. aPenguin readers ;vLevel 7 aLevel 7. aEffia and Esi: two sisters with two very different destinies. One sold into slavery; one a slave trader's wife. The consequences of their fate reverberate through the generations that follow. Taking us from the Gold Coast of Africa to the cotton-picking plantations of Mississippi; from the missionary schools of Ghana to the dive bars of Harlem, spanning three continents and seven generations, Yaa Gyasi has written a miraculous novel - the intimate, gripping story of a brilliantly vivid cast of characters and through their lives the very story of America itself. aWith carefully adapted text, new illustrations, language practise activities and additional online resources, the Penguin Readers series introduces language learners to bestselling authors and compelling content. Titles include popular classics, exciting contemporary fiction, and thought-provoking non-fiction. Yaa Gyasi, a Level 7 Reader, is B2 in the CEFR framework. 0aSistersvFiction 0aWomen, BlackvFiction 0aSlaveryzUnited States vFiction 0aIntermarriagezEnglandvFiction 0aWomenzGhanavFiction 0aArranged marriagevFiction 0aAfrican AmericansxHistoryvFiction 0aGhanaxHistoryy18th centuryvFiction 0aReaders (Adult) 0aHistorical fiction